| 000 | 00538nam a2200205Ia 4500 | ||
|---|---|---|---|
| 999 |
_c4616 _d4616 |
||
| 020 | _a81-89013-16-5 | ||
| 082 | _a323.6 INC- | ||
| 245 | 0 | _aInclusive citizenship: meanings and expressions | |
| 260 |
_aNew Delhi _bZubaan _c2005 |
||
| 300 | _axiv, 274 | ||
| 440 | _aClaiming citizenship: rights, participation and accountabili | ||
| 504 | _aincludes index | ||
| 650 | _aCitizenship | ||
| 650 | _aHuman rights | ||
| 650 | _aIdentity | ||
| 650 | _aSocial policy | ||
| 700 | _aKabeer, Naila | ||
| 700 | _aGaventa, John | ||
| 942 | _cBK | ||